000 00650nam a2200193Ia 4500
003 GCL
008 140319s9999 xx 000 0 ara d
040 _aGCL /
_cGCL
082 0 4 _a658.403
_bا ث
100 1 _aاحمد مشارى العدوانى
245 1 0 _aالثقافة العالمية: تترجم الجديد فى الثقافة المعاصرة /
_cاحمد مشارى العدوانى
300 _a195 ص
490 _aالهيئة العامة للاستعلامات
_v0
650 0 4 _aادارة الاعمال
650 0 4 _aالادارة
650 0 4 _aادارة الازمات
650 0 4 _aالمديرين
942 _2ddc
_cBK
999 _c51575
_d51575